[Event "Gothenburg op"]
[Site "Gothenburg"]
[Date "2019.08.16"]
[Round "2"]
[White "Johansson, Roy"]
[Black "Welin, Mats Erik Thomas"]
[Result "0-1"]
[WhiteElo "1976"]
[BlackElo "2310"]
[PlyCount "28"]
[EventDate "2019.08.16"]
[EventType "swiss"]
[EventRounds "8"]
[EventCountry "SWE"]
[SourceTitle "CBM 191 Extra"]
[Source "ChessBase"]
[SourceDate "2019.09.30"]
[SourceVersion "1"]
[SourceVersionDate "2019.09.30"]
[SourceQuality "1"]

1. d4 d5 2. Nf3 Nf6 3. Bf4 c5 4. e3 Nc6 5. c3 Qb6 6. Qb3 c4 7. Qc2 Bf5 8. Qc1 Nh5 9. Bg3 e6 10. Be2 h6 11. Nbd2 Qa5 12. b3 Ba3 13. Qd1 Qxc3 14. bxc4 Bc2 0-1

[Event "Malmo op"]
[Site "Malmo"]
[Date "2018.12.15"]
[Round "5"]
[White "Welin, Mats Erik Thomas"]
[Black "Sjodahl, Pontus"]
[Result "0-1"]
[WhiteElo "2328"]
[BlackElo "2406"]
[PlyCount "84"]
[EventDate "2018.12.14"]
[EventType "swiss"]
[EventRounds "8"]
[EventCountry "SWE"]
[SourceTitle "CBM 187 Extra"]
[Source "ChessBase"]
[SourceDate "2018.11.04"]
[SourceVersion "1"]
[SourceVersionDate "2018.11.04"]
[SourceQuality "1"]

1. e4 e6 2. d4 d5 3. Nc3 Bb4 4. e5 c5 5. a3 Bxc3+ 6. bxc3 Qa5 7. Bd2 Qa4 8. Qg4 Kf8 9. Qd1 b6 10. Nf3 Ne7 11. dxc5 bxc5 12. Rb1 Ba6 13. Bxa6 Qxa6 14. Qe2 Nec6 15. Qxa6 Nxa6 16. Ke2 h6 17. c4 g5 18. Rb7 Kg7 19. cxd5 exd5 20. e6 Rhe8 21. Rxf7+ Kg6 22. Kd1 Rxe6 23. Rd7 Rd8 24. Rxd8 Nxd8 25. h4 Nf7 26. hxg5 hxg5 27. Ne1 Nc7 28. Rh3 Ra6 29. Rb3 Ne6 30. Nf3 Kf5 31. Rb7 Kf6 32. Bc1 d4 33. c3 dxc3 34. Kc2 g4 35. Nh2 Ne5 36. Kxc3 Nd4 37. Bb2 Kf5 38. Nf1 Ke4 39. Re7 Rf6 40. Ng3+ Kd5 41. Nh1 Rb6 42. Bc1 Rb1 0-1

[Event "SWE-chT 1718 Superettan"]
[Site "Sweden"]
[Date "2018.03.17"]
[Round "8.1"]
[White "Welin, Mats Erik Thomas"]
[Black "Cramling, Pia"]
[Result "1-0"]
[WhiteElo "2335"]
[BlackElo "2450"]
[PlyCount "67"]
[EventDate "2017.10.20"]
[EventType "team-tourn"]
[EventRounds "9"]
[EventCountry "SWE"]
[SourceTitle "EXT 2019"]
[Source "ChessBase"]
[SourceDate "2018.10.10"]
[SourceVersion "1"]
[SourceVersionDate "2018.10.10"]
[SourceQuality "1"]
[WhiteTeam "Manhem"]
[BlackTeam "Wasa"]
[WhiteTeamCountry "SWE"]
[BlackTeamCountry "SWE"]

1. e4 c5 2. Nf3 Nc6 3. d4 cxd4 4. Nxd4 Qb6 5. Nb3 Nf6 6. Nc3 e6 7. Qe2 d6 8. g4 a6 9. g5 Nd7 10. Be3 Qc7 11. 0-0-0 b5 12. f4 Be7 13. Rg1 Bb7 14. Kb1 Rc8 15. Bh3 b4 16. Nd5 exd5 17. exd5 Ncb8 18. Bd4 0-0 19. Bxg7 Kxg7 20. Nd4 Rfe8 21. Qh5 Kh8 22. Bf5 Nf8 23. Rg3 Bxd5 24. Rh3 Bg2 25. Rh4 Be4 26. Bxe4 f5 27. Bxf5 Bxg5 28. fxg5 Rcd8 29. g6 Re5 30. Rg4 Rd7 31. Rdg1 Rg7 32. gxh7 Qe7 33. Nf3 Rxg4 34. Qxg4 1-0

[Event "SWE-chT 1718 Superettan"]
[Site "Sweden"]
[Date "2017.10.21"]
[Round "2"]
[White "Welin, Mats Erik Thomas"]
[Black "Krupenski, Juri"]
[Result "0-1"]
[WhiteElo "2335"]
[BlackElo "2400"]
[PlyCount "60"]
[EventDate "2017.10.20"]
[EventType "team-tourn"]
[EventRounds "9"]
[EventCountry "SWE"]
[SourceTitle "EXT 2019"]
[Source "ChessBase"]
[SourceDate "2018.10.10"]
[SourceVersion "1"]
[SourceVersionDate "2018.10.10"]
[SourceQuality "1"]
[WhiteTeam "Manhem"]
[BlackTeam "Burgsvik Alva"]
[WhiteTeamCountry "SWE"]
[BlackTeamCountry "SWE"]

1. e4 c6 2. d4 d5 3. Nd2 dxe4 4. Nxe4 Bf5 5. Ng3 Bg6 6. h4 h6 7. Nf3 Nd7 8. h5 Bh7 9. Bd3 Bxd3 10. Qxd3 e6 11. Bd2 Ngf6 12. 0-0-0 Bd6 13. Ne4 Nxe4 14. Qxe4 Nf6 15. Qe2 Bc7 16. c4 b5 17. Kb1 bxc4 18. Qxc4 0-0 19. Ka1 Rb8 20. Qxc6 Nd5 21. Qa6 Qd7 22. Rc1 Rb6 23. Qc4 Rfb8 24. Rc2 Bd6 25. Ne5 Bxe5 26. dxe5 Qb7 27. Rb1 Ra6 28. f4 Ne7 29. Qc7 Rxa2+ 30. Kxa2 Qb3+ 0-1

[Event "Deltalift op"]
[Site "Tylosand"]
[Date "2017.05.27"]
[Round "8"]
[White "Welin, Mats Erik Thomas"]
[Black "Grueso Cordoba, Santiago"]
[Result "1-0"]
[WhiteElo "2336"]
[BlackElo "2104"]
[PlyCount "55"]
[EventDate "2017.05.25"]
[EventType "swiss"]
[EventRounds "8"]
[EventCountry "SWE"]
[SourceTitle "CBM 178 Extra"]
[Source "ChessBase"]
[SourceDate "2017.06.22"]
[SourceVersion "1"]
[SourceVersionDate "2017.06.22"]
[SourceQuality "1"]

1. e4 c5 2. Nf3 d6 3. d4 cxd4 4. Nxd4 Nf6 5. Nc3 a6 6. Be2 e6 7. 0-0 Be7 8. f4 Nc6 9. Kh1 0-0 10. a4 Qc7 11. Be3 Rd8 12. Qe1 Nxd4 13. Bxd4 e5 14. Bg1 b6 15. Bd3 exf4 16. Qf2 Be6 17. Qxb6 Qd7 18. Rxf4 Rdb8 19. Qe3 Rxb2 20. Nd5 Bxd5 21. exd5 Rab8 22. c4 R2b3 23. Qf3 R8b4 24. Bd4 Qb7 25. Qe2 Kf8 26. Re1 Rxa4 27. Bxf6 gxf6 28. Re4 1-0

[Event "Deltalift op"]
[Site "Tylosand"]
[Date "2017.05.25"]
[Round "3"]
[White "Westerlund, Ola"]
[Black "Welin, Mats Erik Thomas"]
[Result "0-1"]
[WhiteElo "1912"]
[BlackElo "2336"]
[PlyCount "49"]
[EventDate "2017.05.25"]
[EventType "swiss"]
[EventRounds "8"]
[EventCountry "SWE"]
[SourceTitle "CBM 178 Extra"]
[Source "ChessBase"]
[SourceDate "2017.06.22"]
[SourceVersion "1"]
[SourceVersionDate "2017.06.22"]
[SourceQuality "1"]

1. d4 Nf6 2. c4 e6 3. Nf3 d5 4. g3 Be7 5. Bg2 0-0 6. 0-0 dxc4 7. Ne5 Nc6 8. Nxc6 bxc6 9. e3 Nd5 10. Qa4 Nb6 11. Qc2 Qd7 12. Rd1 Ba6 13. Bf1 Rad8 14. Nc3 Nd5 15. Ne4 Nb4 16. Qb1 c5 17. Bd2 Nd3 18. Bc3 cxd4 19. Bxd4 Bb7 20. Bg2 Bd5 21. Nd2 Bc5 22. Bxc5 Nxc5 23. e4 Bb7 24. Nxc4 Qc6 25. Na5 0-1

[Event "Gothenburg Kvibergspelen"]
[Site "Gothenburg"]
[Date "2017.05.05"]
[Round "4"]
[White "Welin, Mats Erik Thomas"]
[Black "Aroven, Mikael"]
[Result "1-0"]
[WhiteElo "2336"]
[BlackElo "2066"]
[PlyCount "57"]
[EventDate "2017.05.05"]
[EventType "swiss"]
[EventRounds "8"]
[EventCountry "SWE"]
[SourceTitle "CBM 178 Extra"]
[Source "ChessBase"]
[SourceDate "2017.06.22"]
[SourceVersion "1"]
[SourceVersionDate "2017.06.22"]
[SourceQuality "1"]

1. e4 c5 2. Nf3 Nc6 3. d4 cxd4 4. Nxd4 g6 5. Nc3 Bg7 6. Be3 Nf6 7. Bc4 0-0 8. Bb3 a5 9. 0-0 d6 10. h3 Bd7 11. a4 Nxd4 12. Bxd4 Bc6 13. Qd3 Qd7 14. Rad1 Rfc8 15. Rfe1 e6 16. f4 d5 17. exd5 exd5 18. f5 Re8 19. Rf1 Ne4 20. fxg6 hxg6 21. Bxg7 Kxg7 22. Nxe4 Rxe4 23. Qxe4 dxe4 24. Rxd7 Bxd7 25. Rxf7+ Kh6 26. Rxd7 Kg5 27. Kf2 Kf4 28. Rf7+ Ke5 29. Ke3 1-0

[Event "SWE-chT 1617"]
[Site "Sweden"]
[Date "2017.03.24"]
[Round "7.1"]
[White "Welin, Mats Erik Thomas"]
[Black "Sagit, Rauan"]
[Result "0-1"]
[WhiteElo "2332"]
[BlackElo "2414"]
[PlyCount "90"]
[EventDate "2016.10.14"]
[EventType "team-tourn"]
[EventRounds "9"]
[EventCountry "SWE"]
[SourceTitle "CBM 177 Extra"]
[Source "ChessBase"]
[SourceDate "2017.04.27"]
[SourceVersion "1"]
[SourceVersionDate "2017.04.27"]
[SourceQuality "1"]
[WhiteTeam "Manhem"]
[BlackTeam "Viking Team"]
[WhiteTeamCountry "SWE"]
[BlackTeamCountry "SWE"]

1. e4 c5 2. Nf3 d6 3. d4 cxd4 4. Nxd4 Nf6 5. Nc3 a6 6. Be2 e5 7. Nb3 Be7 8. 0-0 0-0 9. Re1 Be6 10. Bf3 Nbd7 11. a4 Rc8 12. Be3 Qc7 13. a5 Rfe8 14. h3 h6 15. Re2 Bf8 16. Rd2 Qb8 17. Ra4 Rc4 18. Rxc4 Bxc4 19. Be2 Be6 20. Bf3 Rc8 21. h4 Rc4 22. g4 Qd8 23. Qe2 Nh7 24. Nd5 Ra4 25. Nc3 Rc4 26. Kg2 Qxh4 27. Rd1 Qd8 28. Nd2 Rc8 29. Ra1 Ng5 30. Nf1 Nxf3 31. Qxf3 Qh4 32. Nh2 Nf6 33. Qg3 Qxg3+ 34. Kxg3 d5 35. exd5 Nxd5 36. Nxd5 Bxd5 37. c3 Be6 38. Rd1 f6 39. f4 exf4+ 40. Bxf4 Kf7 41. Nf3 Rc5 42. Rd8 Be7 43. Rb8 g5 44. Be3 Bd6+ 45. Kf2 Rb5 0-1

[Event "SWE-chT 1617"]
[Site "Sweden"]
[Date "2016.10.16"]
[Round "3.3"]
[White "Wickstrom, Lucas"]
[Black "Welin, Mats Erik Thomas"]
[Result "0-1"]
[WhiteElo "2374"]
[BlackElo "2332"]
[PlyCount "116"]
[EventDate "2016.10.14"]
[EventType "team-tourn"]
[EventRounds "9"]
[EventCountry "SWE"]
[SourceTitle "EXT 2017"]
[Source "ChessBase"]
[SourceDate "2016.10.25"]
[SourceVersion "1"]
[SourceVersionDate "2016.10.25"]
[SourceQuality "1"]
[WhiteTeam "Umea Rockaden"]
[BlackTeam "Manhem"]
[WhiteTeamCountry "SWE"]
[BlackTeamCountry "SWE"]

1. d4 Nf6 2. c4 e6 3. Nf3 d5 4. Nc3 Bb4 5. Qa4+ Nc6 6. Bg5 h6 7. Bxf6 Qxf6 8. e3 0-0 9. Rc1 Qg6 10. Qc2 Qxc2 11. Rxc2 Rd8 12. a3 Bf8 13. b4 dxc4 14. Bxc4 Ne7 15. 0-0 Nd5 16. Nxd5 exd5 17. Bd3 c6 18. Rb1 a5 19. b5 cxb5 20. Rxb5 a4 21. Rc3 Be6 22. Rb2 Rdc8 23. Rbc2 Rxc3 24. Rxc3 Bd6 25. Ne1 Kf8 26. Nc2 Ke7 27. f4 Kd8 28. Kf2 Bd7 29. Ke2 Ra5 30. Kd1 Bb5 31. Ne1 Bxd3 32. Nxd3 Rb5 33. Kc2 Kd7 34. g3 Ra5 35. Kb2 b6 36. Nb4 Rb5 37. h3 f5 38. Ka2 Bxb4 39. axb4 Rxb4 40. Ka3 Rc4 41. Rxc4 dxc4 42. Kxa4 Kd6 43. Kb4 Kd5 44. Kc3 b5 45. Kb4 Ke4 46. Kc3 g6 47. h4 Kd5 48. Kb4 Kc6 49. Kc3 Kc7 50. Kb4 h5 51. Kc3 Kc6 52. Kb4 Kb6 53. Kc3 Ka5 54. Kd2 b4 55. Kc2 Ka4 56. Kb2 c3+ 57. Kc2 Ka3 58. d5 b3+ 0-1

[Event "SWE-chT 1617"]
[Site "Sweden"]
[Date "2016.10.15"]
[Round "2.2"]
[White "Grandelius, Nils"]
[Black "Welin, Mats Erik Thomas"]
[Result "0-1"]
[WhiteElo "2642"]
[BlackElo "2332"]
[PlyCount "78"]
[EventDate "2016.10.14"]
[EventType "team-tourn"]
[EventRounds "9"]
[EventCountry "SWE"]
[SourceTitle "EXT 2017"]
[Source "ChessBase"]
[SourceDate "2016.10.25"]
[SourceVersion "1"]
[SourceVersionDate "2016.10.25"]
[SourceQuality "1"]
[WhiteTeam "Eksjo"]
[BlackTeam "Manhem"]
[WhiteTeamCountry "SWE"]
[BlackTeamCountry "SWE"]

1. c4 Nf6 2. Nf3 e6 3. g3 d5 4. Bg2 Be7 5. d4 0-0 6. Qc2 c5 7. dxc5 Qa5+ 8. Nc3 Qxc5 9. cxd5 Nxd5 10. 0-0 Nxc3 11. bxc3 Bd7 12. Be3 Qa5 13. Nd4 Nc6 14. Rab1 Rab8 15. Rfd1 Rfd8 16. Be4 h6 17. Nf3 Be8 18. Rxd8 Nxd8 19. Qd2 Bc6 20. Bc2 Bf6 21. Qd6 Rc8 22. Bc5 g6 23. Bb4 Qxa2 24. Rc1 Bg7 25. e4 Ba4 26. Bb1 Qe2 27. Ne5 Nc6 28. Qd7 Nxe5 29. Qxc8+ Kh7 30. Qc5 Nf3+ 31. Kg2 Ne1+ 32. Kg1 Bb5 33. c4 Bd4 34. Qxd4 Nf3+ 35. Kg2 Nxd4 36. cxb5 Qf3+ 37. Kh3 Ne2 38. Rc5 Ng1+ 39. Kh4 g5+ 0-1

[Event "Deltalift op"]
[Site "Tylosand"]
[Date "2016.05.07"]
[Round "8"]
[White "Welin, Mats Erik Thomas"]
[Black "Jepson, Christian"]
[Result "1-0"]
[WhiteElo "2338"]
[BlackElo "2440"]
[PlyCount "87"]
[EventDate "2016.05.05"]
[EventType "swiss"]
[EventRounds "8"]
[EventCountry "SWE"]
[SourceTitle "CBM 172 Extra"]
[Source "ChessBase"]
[SourceDate "2016.06.21"]
[SourceVersion "1"]
[SourceVersionDate "2016.06.21"]
[SourceQuality "1"]

1. e4 d5 2. exd5 Nf6 3. Nf3 Bg4 4. Be2 Qxd5 5. d4 Nc6 6. Be3 0-0-0 7. Nbd2 Qf5 8. c4 e5 9. d5 Nb4 10. 0-0 Nc2 11. Rc1 Nxe3 12. fxe3 e4 13. Nd4 Qg5 14. Rf4 Bxe2 15. Qxe2 Bd6 16. Nxe4 Nxe4 17. Rxe4 Rhe8 18. Qf3 Bc5 19. Rf1 g6 20. Re1 Rf8 21. a3 a5 22. b4 axb4 23. axb4 Bxb4 24. Ra1 f5 25. Re6 Bc3 26. Rb1 Bxd4 27. exd4 Qd2 28. Qb3 Qxd4+ 29. Kh1 Qa7 30. Qb2 Rd6 31. Ra1 Ra6 32. Raxa6 bxa6 33. Qa3 Rd8 34. Rxa6 Qf2 35. Qa1 Kb7 36. Ra2 Qe3 37. Rb2+ Kc8 38. h3 Kd7 39. Rb7 Kd6 40. Qf6+ Kc5 41. Rxc7+ Kb4 42. Qb2+ Ka4 43. Ra7+ Qxa7 44. Qa2+ 1-0

[Event "Deltalift op"]
[Site "Tylosand"]
[Date "2016.05.05"]
[Round "1"]
[White "Welin, Mats Erik Thomas"]
[Black "Loenn, Joakim"]
[Result "1-0"]
[WhiteElo "2338"]
[BlackElo "1879"]
[PlyCount "59"]
[EventDate "2016.05.05"]
[EventType "swiss"]
[EventRounds "8"]
[EventCountry "SWE"]
[SourceTitle "CBM 172 Extra"]
[Source "ChessBase"]
[SourceDate "2016.06.21"]
[SourceVersion "1"]
[SourceVersionDate "2016.06.21"]
[SourceQuality "1"]

1. e4 c5 2. Nf3 d6 3. d4 cxd4 4. Nxd4 Nf6 5. Nc3 a6 6. Be2 e5 7. Nb3 Be7 8. 0-0 0-0 9. Kh1 b5 10. a4 b4 11. Nd5 a5 12. Be3 Nxe4 13. Bf3 f5 14. Nxe7+ Qxe7 15. Qd5+ Be6 16. Qxa8 Nd7 17. Qxa5 d5 18. Rad1 d4 19. Bd2 Nxd2 20. Nxd2 e4 21. Be2 Rf6 22. Nb3 d3 23. cxd3 Bxb3 24. Rc1 Rh6 25. Qxf5 Nf6 26. dxe4 Be6 27. Bc4 Rxh2+ 28. Kxh2 Qc7+ 29. g3 Bxc4 30. b3 1-0

[Event "SWE-chT 1516"]
[Site "Sweden"]
[Date "2015.11.07"]
[Round "2.5"]
[White "Nygren, Kim"]
[Black "Welin, Mats Erik Thomas"]
[Result "0-1"]
[WhiteElo "2276"]
[BlackElo "2328"]
[PlyCount "84"]
[EventDate "2015.11.06"]
[EventType "team-tourn"]
[EventRounds "9"]
[EventCountry "SWE"]
[SourceTitle "CBM 169 Extra"]
[Source "ChessBase"]
[SourceDate "2015.12.18"]
[SourceVersion "1"]
[SourceVersionDate "2015.12.18"]
[SourceQuality "1"]
[WhiteTeam "Burgsvik Alva"]
[BlackTeam "Manhem"]
[WhiteTeamCountry "SWE"]
[BlackTeamCountry "SWE"]

1. e4 e5 2. Nf3 Nc6 3. Bb5 a6 4. Ba4 Nf6 5. 0-0 Be7 6. Re1 b5 7. Bb3 d6 8. c3 0-0 9. h3 Nb8 10. d4 Nbd7 11. Nbd2 Bb7 12. Bc2 Re8 13. Nf1 Bf8 14. Ng3 g6 15. Bg5 h6 16. Bd2 exd4 17. cxd4 c5 18. d5 Bg7 19. b4 cxb4 20. Bxb4 Nc5 21. Rb1 Rc8 22. Qd2 Nfd7 23. Ba5 Qe7 24. a4 bxa4 25. Bxa4 Nxa4 26. Rxb7 Nac5 27. Rbb1 h5 28. Rb4 Rb8 29. Nd4 Bxd4 30. Qxd4 Nb3 31. Qc3 Nxa5 32. Rxb8 Rxb8 33. Qxa5 Nc5 34. Re3 Rb1+ 35. Kh2 h4 36. Ne2 Nxe4 37. Qa2 Rh1+ 38. Kxh1 Nxf2+ 39. Kh2 Qxe3 40. Qxa6 Nd3 41. Qc8+ Kg7 42. Qg4 Ne5 0-1

[Event "SWE-chT 1415 Superettan"]
[Site "Sweden"]
[Date "2014.11.21"]
[Round "1"]
[White "Welin, Mats Erik Thomas"]
[Black "Renman, Nils Gustaf"]
[Result "1/2-1/2"]
[WhiteElo "2304"]
[BlackElo "2334"]
[PlyCount "57"]
[EventDate "2014.11.21"]
[EventType "team-tourn"]
[EventRounds "9"]
[EventCountry "SWE"]
[SourceTitle "EXT 2018"]
[Source "ChessBase"]
[SourceDate "2017.10.13"]
[SourceVersion "1"]
[SourceVersionDate "2017.10.13"]
[SourceQuality "1"]
[WhiteTeam "Manhem"]
[BlackTeam "Norrkoping Schack 08"]
[WhiteTeamCountry "SWE"]
[BlackTeamCountry "SWE"]

1. e4 e6 2. d4 d5 3. Nc3 Nf6 4. e5 Nfd7 5. f4 c5 6. Nf3 Nc6 7. Be3 a6 8. Qd2 b5 9. dxc5 Bxc5 10. Bd3 Bb7 11. Bf2 b4 12. Na4 Bxf2+ 13. Qxf2 Qa5 14. b3 Ne7 15. 0-0 Bc6 16. Nb2 Nc5 17. Nd4 Bd7 18. Kh1 h6 19. f5 exf5 20. Bxf5 Bxf5 21. Nxf5 Nxf5 22. Qxf5 0-0 23. Nd3 Nxd3 24. cxd3 d4 25. Qe4 Rfe8 26. Rae1 Rad8 27. Qf4 Rd7 28. Qg4 Rde7 29. Qxd4 1/2-1/2

[Event "SWE-chT 1213"]
[Site "Sweden"]
[Date "2013.02.02"]
[Round "5"]
[White "Welin, Mats Erik Thomas"]
[Black "Hagen, Andreas Skytte"]
[Result "1-0"]
[WhiteElo "2351"]
[BlackElo "2416"]
[PlyCount "89"]
[EventDate "2012.10.05"]
[EventType "team-tourn"]
[EventRounds "9"]
[EventCountry "SWE"]
[SourceTitle "EXT 2014"]
[Source "ChessBase"]
[SourceDate "2013.11.20"]
[SourceVersion "1"]
[SourceVersionDate "2013.11.20"]
[SourceQuality "1"]
[WhiteTeam "Manhem"]
[BlackTeam "LASK"]
[WhiteTeamCountry "SWE"]
[BlackTeamCountry "SWE"]

1. e4 e5 2. Nf3 Nc6 3. Bb5 Nf6 4. 0-0 Nxe4 5. d4 Nd6 6. Bxc6 dxc6 7. dxe5 Nf5 8. Qxd8+ Kxd8 9. Nc3 Bd7 10. Rd1 Kc8 11. Ng5 Be8 12. b3 b6 13. Bb2 Be7 14. Nge4 Kb7 15. Rd3 Rd8 16. Rad1 Kc8 17. h3 h5 18. g3 Rxd3 19. Rxd3 Bd8 20. Ne2 c5 21. c4 Bd7 22. Nf4 a5 23. f3 Nd4 24. Bxd4 cxd4 25. Rxd4 g5 26. Nd5 Bxh3 27. Ndf6 Bxf6 28. exf6 Bf5 29. Nxg5 Rg8 30. Nxf7 Rxg3+ 31. Kf2 Rg6 32. Rd8+ Kb7 33. Nd6+ cxd6 34. f7 Rf6 35. f8Q Rxf8 36. Rxf8 Bb1 37. a3 Ba2 38. b4 axb4 39. axb4 Bxc4 40. Rh8 Kc6 41. Rxh5 d5 42. Ke3 Kb5 43. f4 Kxb4 44. Kd4 Kb5 45. Rh6 1-0